[Event "FISU World University-ch 2020"]
[Site "Online"]
[Date "2020.10.26"]
[Round "4.21"]
[White "Hernandez Banquett, Bryan Steven"]
[Black "Matanovic, Pavo"]
[Result "1-0"]
[WhiteElo "1971"]
[BlackElo "1832"]
[Annotator "TA"]
[PlyCount "105"]
[EventDate "2020.10.26"]
[SourceTitle "playchess.com"]
[Source "ChessBase"]
[SourceQuality "1"]

1. e4 e5 2. Nf3 Nc6 3. d4 exd4 4. Bc4 Nf6 5. e5 d5 6. Bb5 Ne4 7. Nxd4 Bd7 8. Bxc6 bxc6 9. O-O Bc5 10. Be3 Bb6 11. f3 Ng5 12. f4 Ne4 13. Nd2 Nxd2 14. Qxd2 O-O 15. Nb3 f6 16. a4 a5 17. Rae1 fxe5 18. fxe5 Qe7 19. Qc3 Rxf1+ 20. Rxf1 Re8 21. Bc5 Rf8 22. Rxf8+ Qxf8 23. Qe3 Bxc5 24. Nxc5 Bf5 25. c3 Qe7 26. Nb3 Bc2 27. Nc5 h6 28. b4 axb4 29. cxb4 Qh4 30. Qc3 Bg6 31. g3 Qg4 32. a5 Qd1+ 33. Kf2 d4 34. Qb3+ Qxb3 35. Nxb3 Bd3 36. Nxd4 Kf7 37. Nxc6 Ke6 38. Ke3 Bb5 39. Nd4+ Kxe5 40. Nxb5 c6 41. a6 cxb5 42. a7 Kd5 43. a8=Q+ Kc4 44. Qe4+ Kb3 45. Kd4 Kxb4 46. Qg6 Kb3 47. Qxg7 b4 48. Qxh6 Kb2 49. Qd2+ Ka3 50. Qc1+ Ka2 51. Kc4 b3 52. Kc3 b2 53. Qxb2# 1-0

[Event "FISU World University-ch 2020"]
[Site "Online"]
[Date "2020.10.26"]
[Round "4.21"]
[White "Purkic, Ruza"]
[Black "Gomez Guardo, Laura Meli"]
[Result "0-1"]
[WhiteElo "1483"]
[BlackElo "1875"]
[Annotator "NA RC"]
[PlyCount "114"]
[EventDate "2020.10.26"]
[SourceTitle "playchess.com"]
[Source "ChessBase"]
[SourceQuality "1"]

1. c4 Nf6 2. Nc3 g6 3. Nf3 Bg7 4. g3 d6 5. Bg2 Nbd7 6. O-O O-O 7. d3 e5 8. Bd2 a5 9. a3 h6 10. Qc2 c6 11. b4 Qe7 12. bxa5 Nh7 13. Rab1 f5 14. Qb3 Nc5 15. Qc2 g5 16. Na4 Nxa4 17. Qxa4 Nf6 18. Bb4 e4 19. dxe4 Nxe4 20. Qb3 Kh8 21. Rbd1 c5 22. Be1 Kh7 23. Nd2 Nc3 24. e3 Nxd1 25. Qxd1 Rxa5 26. a4 Ra6 27. Qc2 b6 28. e4 Kh8 29. Bh3 fxe4 30. Bxc8 Rxc8 31. Nxe4 Re8 32. Nc3 Qf7 33. Nb5 Rd8 34. Bc3 d5 35. Bxg7+ Qxg7 36. cxd5 Rxd5 37. Re1 Rd8 38. Qc4 Raa8 39. Qe4 Rf8 40. Qc6 Qf6 41. Qxf6+ Rxf6 42. Ra1 Kg7 43. Kg2 g4 44. Ra2 h5 45. h4 Rf3 46. Nd6 Kf6 47. Ne4+ Ke5 48. Ng5 Rb3 49. Nf7+ Kd4 50. Nd6 c4 51. Nf5+ Kd3 52. Ne3 c3 53. Nd5 c2 54. Nf4+ Kd2 55. Kf1 Rxa4 56. Rxa4 c1=Q+ 57. Kg2 Qc6+ 0-1

[Event "FISU World University-ch 2020"]
[Site "Online"]
[Date "2020.10.26"]
[Round "4.22"]
[White "Santos, Ricardo Alexandre Lu"]
[Black "Dzurak, Vitalii"]
[Result "1-0"]
[WhiteElo "2113"]
[BlackElo "1894"]
[Annotator "TA"]
[PlyCount "161"]
[EventDate "2020.10.26"]
[SourceTitle "playchess.com"]
[Source "ChessBase"]
[SourceQuality "1"]

1. e4 c6 2. d4 d5 3. e5 c5 4. c3 Nc6 5. Nf3 Bg4 6. dxc5 e6 7. Be3 Bxf3 8. Qxf3 Nxe5 9. Bb5+ Nc6 10. O-O Nf6 11. c4 Be7 12. Nc3 O-O 13. Rfd1 a6 14. cxd5 Ne5 15. Qg3 Nxd5 16. Nxd5 exd5 17. Qxe5 Bf6 18. Qxd5 Qxd5 19. Rxd5 axb5 20. Bd4 Rfd8 21. Rxd8+ Rxd8 22. Bxf6 gxf6 23. b4 Rd2 24. g3 Rb2 25. a3 Rb3 26. Kg2 Kf8 27. Kh3 f5 28. Ra2 Kg7 29. Kh4 Kg6 30. Kh3 Kg5 31. Kg2 f4 32. gxf4+ Kxf4 33. Rd2 Rxa3 34. Rd7 Rb3 35. Rxf7+ Kg5 36. Rxh7 Rxb4 37. Rxb7 Kh4 38. c6 Rc4 39. c7 Rc3 40. h3 Rc2 41. Rxb5 Rxc7 42. Rb4+ Kg5 43. Rg4+ Kf5 44. Kg3 Rc1 45. Rf4+ Kg5 46. h4+ Kg6 47. Rg4+ Kf6 48. f3 Rg1+ 49. Kf4 Rh1 50. Kg3 Kf5 51. Rg5+ Kf6 52. f4 Rg1+ 53. Kf3 Rh1 54. Kg4 Rg1+ 55. Kh5 Rf1 56. Rg4 Kf5 57. Rg8 Kf6 58. Rf8+ Kg7 59. Rf5 Rh1 60. Kg4 Rg1+ 61. Kf3 Rh1 62. h5 Kh6 63. Ke4 Re1+ 64. Kd5 Re2 65. Re5 Rf2 66. Ke4 Rf1 67. Kf5 Kxh5 68. Re2 Kh6 69. Rg2 Re1 70. Kf6 Kh5 71. f5 Rf1 72. Ke6 Re1+ 73. Kf7 Kh6 74. f6 Ra1 75. Rh2+ Kg5 76. Kg7 Ra6 77. Rg2+ Kf5 78. f7 Ra7 79. Rf2+ Ke6 80. Re2+ Kf5 81. Kg8 1-0

[Event "FISU World University-ch 2020"]
[Site "Online"]
[Date "2020.10.26"]
[Round "4.22"]
[White "Ferreira, Hugo Miguel Da Costa"]
[Black "Voloshynskyi, Liubomyr"]
[Result "1/2-1/2"]
[WhiteElo "2081"]
[BlackElo "2118"]
[Annotator "TA"]
[PlyCount "63"]
[EventDate "2020.10.26"]
[SourceTitle "playchess.com"]
[Source "ChessBase"]
[SourceQuality "1"]

1. d4 Nf6 2. Nf3 g6 3. Bg5 Bg7 4. Nbd2 d5 5. e3 O-O 6. c3 b6 7. Bd3 c5 8. O-O Nc6 9. Qb1 Qe8 10. b4 c4 11. Bc2 b5 12. a4 bxa4 13. Bxa4 Bd7 14. Qc2 a6 15. Rfe1 Bf5 16. Qd1 Qc8 17. Bxf6 exf6 18. e4 dxe4 19. Nxe4 Qc7 20. Nc5 Ne7 21. Qe2 Nd5 22. Qxc4 Nb6 23. Qe2 Nxa4 24. Rxa4 a5 25. b5 Rfd8 26. Rea1 Bf8 27. Nh4 Bxc5 28. Nxf5 Bf8 29. Ng3 Qxc3 30. Ne4 Qc7 31. Nxf6+ Kh8 32. Ng4 1/2-1/2

[Event "FISU World University-ch 2020"]
[Site "Online"]
[Date "2020.10.26"]
[Round "4.22"]
[White "Sydoryak, Vira"]
[Black "Santos, Rita Alexandra L Sil"]
[Result "1-0"]
[WhiteElo "1791"]
[BlackElo "1606"]
[Annotator "NA RC"]
[PlyCount "115"]
[EventDate "2020.10.26"]
[SourceTitle "playchess.com"]
[Source "ChessBase"]
[SourceQuality "1"]

1. e4 e5 2. Nf3 Nc6 3. Bc4 Bc5 4. c3 Nf6 5. d3 d6 6. O-O Bg4 7. h3 Bh5 8. Bg5 h6 9. Be3 Bb6 10. a4 O-O 11. Nbd2 Qd7 12. b4 d5 13. exd5 Nxd5 14. Bxd5 Qxd5 15. c4 Qxd3 16. c5 Nxb4 17. cxb6 axb6 18. g4 Bg6 19. Nxe5 Qd5 20. Nxg6 fxg6 21. Qb3 Qxb3 22. Nxb3 Nc2 23. Rac1 Nxe3 24. fxe3 Rxa4 25. Rxf8+ Kxf8 26. Rxc7 Ra3 27. Rc3 b5 28. Kf2 b4 29. Rd3 Ke7 30. Nc5 Rxd3 31. Nxd3 b3 32. e4 Kd6 33. Ke3 g5 34. Kd4 b6 35. e5+ Ke6 36. Kc3 b2 37. Kxb2 Kd5 38. Kc3 g6 39. Kb4 h5 40. Kb5 Ke6 41. Kxb6 Kd5 42. Kc7 Ke6 43. Kc6 Ke7 44. Kd5 Kd7 45. e6+ Ke7 46. Ne5 Ke8 47. Kd6 Kd8 48. e7+ Ke8 49. Nxg6 h4 50. Nxh4 gxh4 51. g5 Kf7 52. Kd7 Kg6 53. e8=Q+ Kxg5 54. Qh8 Kf5 55. Qxh4 Kg6 56. Ke6 Kg7 57. Qg5+ Kh8 58. Kf7 1-0

[Event "FISU World University-ch 2020"]
[Site "Online"]
[Date "2020.10.26"]
[Round "4.23"]
[White "Argote Heredia, Valentina"]
[Black "Muniz, Francisco Allysson d"]
[Result "0-1"]
[WhiteElo "2150"]
[BlackElo "2061"]
[Annotator "TA"]
[PlyCount "88"]
[EventDate "2020.10.26"]
[SourceTitle "playchess.com"]
[Source "ChessBase"]
[SourceQuality "1"]

1. e4 e6 2. d4 d5 3. Nc3 Nf6 4. e5 Nfd7 5. Nf3 c5 6. Bg5 Qa5 7. Bd2 cxd4 8. Nb5 Qb6 9. a4 Nc6 10. a5 Qd8 11. a6 Ndxe5 12. Nxe5 Nxe5 13. axb7 Bxb7 14. Ba5 Qh4 15. Nc7+ Kd7 16. Nxa8 Qe4+ 17. Qe2 Bxa8 18. f3 Qxe2+ 19. Bxe2 Nc4 20. Bxc4 dxc4 21. Ra4 Bc6 22. Rxc4 e5 23. Kf2 Bd6 24. Ra1 Bb5 25. Rca4 Bxa4 26. Rxa4 Rb8 27. b3 Rc8 28. Ra2 Ke6 29. Ke2 f5 30. Bd2 Rc7 31. Kd3 Kd5 32. Ra5+ Rc5 33. Rxa7 e4+ 34. Ke2 Rxc2 35. Kd1 Rb2 36. Rxg7 e3 37. Be1 d3 38. Kc1 d2+ 39. Bxd2 exd2+ 40. Kd1 Bb4 41. Rd7+ Kc6 42. Rd3 Rb1+ 43. Ke2 Re1+ 44. Kf2 d1=Q 0-1

[Event "FISU World University-ch 2020"]
[Site "Online"]
[Date "2020.10.26"]
[Round "4.23"]
[White "Dominguez, Laura Lucia"]
[Black "Araujo, Lucas Filipe Echer"]
[Result "1-0"]
[WhiteElo "1970"]
[BlackElo "1788"]
[Annotator "TA"]
[PlyCount "63"]
[EventDate "2020.10.26"]
[SourceTitle "playchess.com"]
[Source "ChessBase"]
[SourceQuality "1"]

1. e4 c5 2. Nf3 e6 3. d4 cxd4 4. Nxd4 Nc6 5. Nc3 Qc7 6. f4 a6 7. Nxc6 bxc6 8. e5 Ne7 9. Bd3 Nd5 10. Ne4 Bb4+ 11. Bd2 Be7 12. a3 Qb6 13. Qe2 a5 14. c4 Nc7 15. Nd6+ Bxd6 16. exd6 Na6 17. Bc3 O-O 18. O-O-O Nc5 19. f5 f6 20. fxe6 dxe6 21. Bc2 e5 22. Rhf1 Nb3+ 23. Kb1 Nd4 24. Bxd4 exd4 25. Qe4 f5 26. Qxd4 Qxd4 27. Rxd4 Ba6 28. Rxf5 Rxf5 29. Bxf5 c5 30. Be6+ Kf8 31. Rf4+ Ke8 32. Rf7 1-0

[Event "FISU World University-ch 2020"]
[Site "Online"]
[Date "2020.10.26"]
[Round "4.23"]
[White "Dos Santos, Lucas Vinicius Monte"]
[Black "Gaviria, Andres Felipe"]
[Result "0-1"]
[WhiteElo "1938"]
[BlackElo "2065"]
[Annotator "NA RC"]
[PlyCount "82"]
[EventDate "2020.10.26"]
[SourceTitle "playchess.com"]
[Source "ChessBase"]
[SourceQuality "1"]

1. e4 c6 2. d4 d5 3. e5 Bf5 4. Nc3 e6 5. g4 Bg6 6. Nge2 c5 7. h4 h6 8. Nf4 Bh7 9. Bb5+ Nc6 10. Be3 c4 11. Qd2 a6 12. Bxc6+ bxc6 13. b3 cxb3 14. axb3 c5 15. dxc5 Qc7 16. Bd4 Bxc5 17. Nb5 Qc6 18. Bxc5 Qxc5 19. Nd6+ Kf8 20. Nd3 Bxd3 21. Qxd3 a5 22. Rh3 d4 23. f4 Ne7 24. Rd1 Nc6 25. Qb5 Qb4+ 26. Qxb4 Nxb4 27. Rh2 a4 28. bxa4 Rxa4 29. Nb5 d3 30. cxd3 Nd5 31. d4 Nxf4 32. Rf2 g5 33. h5 Kg7 34. Nd6 Ra3 35. Ne4 Re3+ 36. Kf1 Rxe4 37. d5 exd5 38. Rdd2 Rb8 39. Kg1 Nh3+ 40. Kg2 Nxf2 41. Kxf2 Rxe5 0-1

[Event "FISU World University-ch 2020"]
[Site "Online"]
[Date "2020.10.26"]
[Round "4.23"]
[White "Assuncao, Darlane Brito"]
[Black "Ojeda Ossa, Daniel De Jesus"]
[Result "0-1"]
[WhiteElo "1705"]
[BlackElo "1884"]
[Annotator "NA RC"]
[PlyCount "62"]
[EventDate "2020.10.26"]
[SourceTitle "playchess.com"]
[Source "ChessBase"]
[SourceQuality "1"]

1. d4 d5 2. Nf3 Nf6 3. Bf4 e6 4. e3 Bd6 5. Bg3 O-O 6. Bd3 c5 7. c3 Qc7 8. Nbd2 Nbd7 9. Qe2 Re8 10. O-O Bxg3 11. hxg3 e5 12. dxe5 Nxe5 13. Nxe5 Qxe5 14. Nf3 Qh5 15. Nh2 Bg4 16. f3 Bd7 17. Rae1 c4 18. Bc2 Re7 19. Qf2 Rae8 20. Re2 Qg5 21. Rfe1 b5 22. g4 Qe5 23. f4 Qc7 24. g5 Ne4 25. Qh4 a5 26. Bxe4 Rxe4 27. Kf2 b4 28. Rh1 Qc6 29. Nf3 Qg6 30. Ne5 R8xe5 31. fxe5 Rxh4 0-1

[Event "FISU World University-ch 2020"]
[Site "Online"]
[Date "2020.10.26"]
[Round "4.24"]
[White "Donoso Diaz, Sebastian"]
[Black "Felix Soto, Alfredo"]
[Result "1/2-1/2"]
[WhiteElo "2192"]
[BlackElo "2075"]
[Annotator "TA"]
[PlyCount "196"]
[EventDate "2020.10.26"]
[SourceTitle "playchess.com"]
[Source "ChessBase"]
[SourceQuality "1"]

1. c4 e5 2. Nc3 Nf6 3. g3 c6 4. Bg2 d5 5. cxd5 cxd5 6. d3 Be7 7. Nf3 Nc6 8. O-O O-O 9. d4 e4 10. Ne5 Be6 11. Nxc6 bxc6 12. Bg5 Nd7 13. Bxe7 Qxe7 14. Rc1 Rac8 15. Qd2 h5 16. Na4 Nb6 17. Nc5 Nc4 18. Qc3 h4 19. Bxe4 Bh3 20. Rfe1 f5 21. Bg2 Bxg2 22. Kxg2 Rf6 23. e4 fxe4 24. Nxe4 Rf5 25. b3 Nb6 26. Nc5 Qf7 27. Rc2 Rf8 28. Qe3 Kh8 29. Ne6 Rc8 30. Rce2 Qf6 31. g4 Qg6 32. h3 Rf6 33. Nf4 Qf7 34. Nh5 Rd6 35. Qe7 Qxe7 36. Rxe7 g6 37. Nf4 Rf8 38. Nd3 Nc8 39. R7e6 Rfd8 40. Nc5 Kg8 41. Rxd6 Nxd6 42. Re7 Nb5 43. Ne6 Rd6 44. f4 Nc3 45. f5 gxf5 46. gxf5 Ne4 47. Rxa7 Ng3 48. Ra8+ Kf7 49. Ra7+ Kf6 50. Nf4 Nxf5 51. Ra4 Kg5 52. Nd3 Rf6 53. Rb4 Ne3+ 54. Kg1 Rf1+ 55. Kh2 Rd1 56. Ne5 Rd2+ 57. Kg1 Kf4 58. Rb8 Nf5 59. Rf8 Rxa2 60. Nxc6 Ke4 61. Re8+ Kf3 62. Ne5+ Kg3 63. Rg8+ Kxh3 64. Nf3 Ra1+ 65. Kf2 Ra2+ 66. Ke1 Ng3 67. Rh8 Kg4 68. Nxh4 Rb2 69. Ng6 Rxb3 70. Kd2 Ne4+ 71. Ke2 Ng3+ 72. Kd2 Ne4+ 73. Kc2 Rb4 74. Ne5+ Kf5 75. Rh5+ Kf6 76. Ng4+ Ke6 77. Rh6+ Kd7 78. Ne5+ Kc7 79. Nf3 Rc4+ 80. Kd1 Rc6 81. Rh7+ Kb6 82. Ne5 Rc7 83. Rh8 Rg7 84. Rd8 Kc7 85. Ra8 Kb7 86. Rf8 Rg2 87. Ke1 Rg7 88. Rd8 Nc3 89. Kd2 Rg3 90. Rd7+ Kc8 91. Rh7 Nb5 92. Nc6 Nd6 93. Ne7+ Kb8 94. Nxd5 Nf5 95. Rh8+ Kb7 96. Rh7+ Kb8 97. Rh8+ Kb7 98. Rh7+ Kb8 1/2-1/2

[Event "FISU World University-ch 2020"]
[Site "Online"]
[Date "2020.10.26"]
[Round "4.24"]
[White "Velo Arredondo, Alonso"]
[Black "Bernal Navarrete, Marcelo"]
[Result "1-0"]
[WhiteElo "2068"]
[BlackElo "1851"]
[Annotator "TA"]
[PlyCount "65"]
[EventDate "2020.10.26"]
[SourceTitle "playchess.com"]
[Source "ChessBase"]
[SourceQuality "1"]

1. e4 e5 2. Nf3 Nc6 3. Bc4 Bc5 4. c3 Nf6 5. d3 d6 6. Bb3 Bb6 7. h3 h6 8. Nbd2 Nh5 9. Nc4 Qf6 10. Nxb6 axb6 11. a3 g5 12. g3 Bd7 13. Be3 Ng7 14. Nd2 Qg6 15. Qe2 O-O-O 16. O-O-O f5 17. f3 Na5 18. Bc2 Qe6 19. d4 exd4 20. cxd4 Qg6 21. d5 b5 22. b4 Nc4 23. Nxc4 bxc4 24. Qxc4 fxe4 25. fxe4 Rdf8 26. g4 Ne8 27. e5 Qg7 28. e6 Bxe6 29. Bd4 Bxd5 30. Qxd5 Qe7 31. Bxh8 Qe3+ 32. Qd2 Qxa3+ 33. Bb2 1-0

[Event "FISU World University-ch 2020"]
[Site "Online"]
[Date "2020.10.26"]
[Round "4.24"]
[White "Villa Gonzalez, Nicolas Alexis"]
[Black "Baltazar Ibanez, Diego"]
[Result "0-1"]
[WhiteElo "1724"]
[BlackElo "2054"]
[Annotator "TA"]
[PlyCount "96"]
[EventDate "2020.10.26"]
[SourceTitle "playchess.com"]
[Source "ChessBase"]
[SourceQuality "1"]

1. d4 Nf6 2. c4 g6 3. Nc3 Bg7 4. e4 d6 5. Be2 O-O 6. Nf3 e5 7. O-O Nc6 8. dxe5 dxe5 9. Bg5 Be6 10. Qxd8 Raxd8 11. Nd5 Bxd5 12. cxd5 Nd4 13. Nxd4 exd4 14. f3 h6 15. Bh4 g5 16. Bf2 c6 17. Bxd4 cxd5 18. exd5 Nxd5 19. Bxg7 Kxg7 20. Rfd1 Nf4 21. Bf1 Kf6 22. Rac1 Ne6 23. Kf2 Rxd1 24. Rxd1 Rc8 25. Rd2 Rc7 26. g3 a6 27. Ke3 Re7 28. Kf2 Rc7 29. Ke3 Ke7 30. f4 gxf4+ 31. gxf4 Rc5 32. Bg2 b5 33. Bb7 a5 34. Be4 b4 35. Rc2 Rh5 36. Kd3 Nxf4+ 37. Ke3 Ne6 38. Bf3 Rh3 39. Rf2 Ng5 40. Kf4 Rxf3+ 41. Rxf3 Nxf3 42. Kxf3 Ke6 43. Ke4 f5+ 44. Kf4 Kf6 45. h3 a4 46. b3 axb3 47. axb3 Ke6 48. h4 Kf6 0-1

[Event "FISU World University-ch 2020"]
[Site "Online"]
[Date "2020.10.26"]
[Round "4.25"]
[White "Hernandez Vazquez, Gerardo"]
[Black "Chaves Williams, Jose Andres"]
[Result "1/2-1/2"]
[WhiteElo "1886"]
[BlackElo "1540"]
[Annotator "NA RC"]
[PlyCount "131"]
[EventDate "2020.10.26"]
[SourceTitle "playchess.com"]
[Source "ChessBase"]
[SourceQuality "1"]

1. e4 c5 2. Nf3 d6 3. d4 cxd4 4. Nxd4 Nf6 5. Nc3 g6 6. Bc4 Bg7 7. Be3 Nc6 8. Bb3 Bd7 9. f3 Rc8 10. Qd2 O-O 11. O-O-O Ne5 12. Bh6 Nc4 13. Bxc4 Rxc4 14. Bxg7 Kxg7 15. g4 Qa5 16. Nb3 Qc7 17. Kb1 Rc8 18. h4 Rxc3 19. Qxc3 Qxc3 20. bxc3 Rxc3 21. Rd3 Rc4 22. Rhd1 Bb5 23. R1d2 b6 24. Kb2 a5 25. Rc3 Rxc3 26. Kxc3 Nd7 27. Rf2 Ne5 28. Nd4 Bd7 29. g5 b5 30. a3 a4 31. Kb4 Nc6+ 32. Nxc6 Bxc6 33. Rd2 h6 34. c3 hxg5 35. hxg5 f6 36. Rd5 Bxd5 37. exd5 fxg5 38. Kxb5 Kf6 39. Kxa4 Ke5 40. Kb5 Kf4 41. a4 Kxf3 42. a5 g4 43. a6 g3 44. a7 g2 45. a8=Q g1=Q 46. Qf8+ Kg4 47. Qc8+ Kh4 48. Qe6 Qc5+ 49. Ka6 Qc4+ 50. Kb6 g5 51. Qh6+ Kg4 52. Qe6+ Kh4 53. Qh6+ Kg4 54. Qe6+ Kf4 55. Qxe7 Qxd5 56. Qf6+ Ke4 57. Kc7 g4 58. Qh4 Kf4 59. Qf2+ Qf3 60. Qd4+ Kg3 61. Qxd6+ Qf4 62. c4 Qxd6+ 63. Kxd6 Kf3 64. c5 g3 65. c6 g2 66. c7 1/2-1/2

[Event "FISU World University-ch 2020"]
[Site "Online"]
[Date "2020.10.26"]
[Round "4.25"]
[White "Porras Chavarria, Steve"]
[Black "Perez, Murillo Angel"]
[Result "0-1"]
[WhiteElo "1825"]
[BlackElo "1963"]
[Annotator "TA"]
[PlyCount "78"]
[EventDate "2020.10.26"]
[SourceTitle "playchess.com"]
[Source "ChessBase"]
[SourceQuality "1"]

1. e4 c5 2. Nf3 Nc6 3. Bb5 d6 4. d4 cxd4 5. Qxd4 Bd7 6. Bxc6 Bxc6 7. c4 Nf6 8. Nc3 g6 9. Be3 Bg7 10. h3 O-O 11. Qd3 a6 12. Nd4 Bd7 13. O-O Rc8 14. b3 Qa5 15. Rac1 e6 16. f4 e5 17. Nde2 exf4 18. Nxf4 Bc6 19. Ncd5 Bxd5 20. Nxd5 Nxd5 21. exd5 Qxa2 22. Rf2 Qa3 23. Rcf1 b5 24. cxb5 Rc3 25. Qe4 Rxb3 26. Bc1 Qc5 27. Kh2 Be5+ 28. Kh1 Rxb5 29. Bh6 f5 30. Rc2 Rfb8 31. Rxc5 fxe4 32. Rc7 Rb1 33. Rcf7 Rxf1+ 34. Rxf1 a5 35. g4 a4 36. Rf2 a3 37. Ra2 Rb1+ 38. Kg2 Rb2+ 39. Rxb2 axb2 0-1

[Event "FISU World University-ch 2020"]
[Site "Online"]
[Date "2020.10.26"]
[Round "4.25"]
[White "Rodriguez Silva, Sheila Angelica"]
[Black "Rosales Gonzalez, Jessica"]
[Result "1-0"]
[WhiteElo "1745"]
[BlackElo "1313"]
[Annotator "NA RC"]
[PlyCount "83"]
[EventDate "2020.10.26"]
[SourceTitle "playchess.com"]
[Source "ChessBase"]
[SourceQuality "1"]

1. e4 d5 2. exd5 Qxd5 3. Nc3 Qd6 4. h3 Nf6 5. Nf3 a6 6. Be2 Nc6 7. O-O Bf5 8. a3 e6 9. b4 Be7 10. Bb2 O-O 11. Nh4 Be4 12. Nxe4 Nxe4 13. Nf3 Rad8 14. Bd3 Nf6 15. Re1 Nd5 16. Ne5 Bf6 17. Nxc6 Qxc6 18. Bxf6 Nxf6 19. Rb1 b5 20. Rb3 h6 21. Qe2 Qd6 22. Qf3 c5 23. bxc5 Qxc5 24. Rc3 Qd6 25. Rc6 Qxa3 26. Bh7+ Nxh7 27. Qxa3 Rxd2 28. Qxa6 Rdd8 29. Qxb5 Nf6 30. c4 Rb8 31. Qa6 Ra8 32. Qb5 Rab8 33. Rb6 Ra8 34. f3 Rfd8 35. Rb1 Nd7 36. Rb7 Nf6 37. Qe5 Nd7 38. Qf4 f6 39. Qg4 f5 40. Qg6 Kh8 41. Rd1 Ne5 42. Qxg7# 1-0

[Event "FISU World University-ch 2020"]
[Site "Online"]
[Date "2020.10.26"]
[Round "4.25"]
[White "Campos Astorga, Priscila"]
[Black "Hernandez Rendon, Carlos A"]
[Result "0-1"]
[WhiteElo "1381"]
[BlackElo "1838"]
[Annotator "NA RC"]
[PlyCount "80"]
[EventDate "2020.10.26"]
[SourceTitle "playchess.com"]
[Source "ChessBase"]
[SourceQuality "1"]

1. e4 c5 2. Nc3 a6 3. f4 b5 4. Nf3 Bb7 5. d3 e6 6. g3 d5 7. exd5 exd5 8. Bg2 Nf6 9. O-O d4 10. Re1+ Be7 11. Ne4 O-O 12. Nfg5 Nxe4 13. Nxe4 Nd7 14. f5 Ra7 15. Bf4 Nb6 16. Qg4 Bxe4 17. Bh6 Bf6 18. Bxe4 Kh8 19. Bd2 Nd5 20. Re2 Ne3 21. Bxe3 dxe3 22. c3 b4 23. cxb4 cxb4 24. Rc1 Rc7 25. Rec2 Rxc2 26. Rxc2 Qd4 27. Kg2 b3 28. axb3 Qb4 29. Qe2 Qxb3 30. Kf3 Rb8 31. h3 a5 32. g4 h6 33. Rc7 a4 34. Qc2 Qb4 35. Rc8+ Rxc8 36. Qxc8+ Kh7 37. Qd7 Qd2 38. g5 Qf2+ 39. Kg4 hxg5 40. Qd6 e2 0-1

[Event "FISU World University-ch 2020"]
[Site "Online"]
[Date "2020.10.26"]
[Round "4.26"]
[White "Koggala, W S T D"]
[Black "Wu Yuxuan"]
[Result "0-1"]
[WhiteElo "1480"]
[BlackElo "2152"]
[Annotator "TA"]
[PlyCount "54"]
[EventDate "2020.10.26"]
[SourceTitle "playchess.com"]
[Source "ChessBase"]
[SourceQuality "1"]

1. d4 b6 2. Bf4 Bb7 3. e3 e6 4. c3 Nf6 5. Nd2 Be7 6. Ngf3 d5 7. Bd3 Nbd7 8. Ne5 Nxe5 9. dxe5 Nd7 10. O-O c5 11. Qg4 g5 12. Bg3 h5 13. Qh3 g4 14. Qxg4 hxg4 15. f3 Bh4 16. fxg4 Bxg3 17. hxg3 Nxe5 18. Bb5+ Bc6 19. Be2 Qg5 20. Nf3 Qxe3+ 21. Rf2 Nxg4 22. Raf1 O-O-O 23. Nh4 Nxf2 24. Rxf2 d4 25. Ba6+ Kb8 26. cxd4 Rxd4 27. Be2 Rd2 0-1

[Event "FISU World University-ch 2020"]
[Site "Online"]
[Date "2020.10.26"]
[Round "4.27"]
[White "Damaceno, Mateus Lima"]
[Black "Ikeda, Vinicius Yasuto"]
[Result "1-0"]
[WhiteElo "2136"]
[BlackElo "2004"]
[Annotator "TA"]
[PlyCount "79"]
[EventDate "2020.10.26"]
[SourceTitle "playchess.com"]
[Source "ChessBase"]
[SourceQuality "1"]

1. Nf3 d5 2. g3 Nf6 3. Bg2 c5 4. O-O g6 5. c4 d4 6. b4 cxb4 7. a3 Bg7 8. d3 Nc6 9. axb4 O-O 10. b5 Nb8 11. Nbd2 Nbd7 12. Nb3 e5 13. Ba3 Re8 14. Nfd2 a6 15. Bb4 h6 16. c5 Bf8 17. Ba5 Qe7 18. c6 bxc6 19. bxc6 Nc5 20. Bb4 Qa7 21. Bxc5 Bxc5 22. Nc4 Rb8 23. Nxc5 Qxc5 24. Qa4 Rb4 25. Qa3 e4 26. Rfc1 Nd5 27. Nd2 Nc3 28. Nxe4 Rxe4 29. Bxe4 Nxe2+ 30. Kg2 Nxc1 31. Rxc1 Qb5 32. c7 Rb3 33. Qe7 Kg7 34. Qd8 Qg5 35. Qxd4+ Kh7 36. Qc4 Rb2 37. Qxf7+ Kh8 38. Rc6 Qg4 39. Qf8+ Kh7 40. Bxg6+ 1-0

[Event "FISU World University-ch 2020"]
[Site "Online"]
[Date "2020.10.26"]
[Round "4.27"]
[White "Bail, Ellen Larissa"]
[Black "Batista Inacio, Pedro Lews"]
[Result "0-1"]
[WhiteElo "1848"]
[BlackElo "1687"]
[Annotator "NA RC"]
[PlyCount "166"]
[EventDate "2020.10.26"]
[SourceTitle "playchess.com"]
[Source "ChessBase"]
[SourceQuality "1"]

1. d4 Nf6 2. c4 g6 3. Nc3 Bg7 4. Nf3 O-O 5. Bg5 d6 6. e3 Bg4 7. Be2 Nbd7 8. Rc1 c6 9. O-O h6 10. Bh4 g5 11. Bg3 Nh5 12. Qc2 Nxg3 13. hxg3 e5 14. dxe5 Nxe5 15. Rfd1 Qe7 16. Nd4 Bxe2 17. Qxe2 f5 18. b4 a6 19. a4 Rad8 20. b5 c5 21. Nf3 Ng4 22. Nd5 Qe4 23. Nd2 Qe6 24. Qd3 Ne5 25. Qc2 axb5 26. axb5 Ng6 27. Nc7 Qd7 28. b6 Ne5 29. Rb1 Qf7 30. Rb3 Rd7 31. Ra3 f4 32. gxf4 gxf4 33. e4 f3 34. Nxf3 Nxf3+ 35. Rxf3 Qg6 36. Rg3 Qf6 37. Qe2 Rdf7 38. Rf3 Qg6 39. Rxf7 Rxf7 40. Nb5 Be5 41. Rd3 Kh7 42. Ra3 Qg5 43. Qe1 Rf4 44. Rd3 Rf6 45. Rh3 Rf4 46. Rg3 Qh5 47. Rh3 Rh4 48. Rxh4 Qxh4 49. g3 Qg4 50. Kg2 h5 51. f3 Qg6 52. Kh3 Qe6+ 53. g4 hxg4+ 54. fxg4 Qxc4 55. Qh4+ Kg7 56. Qg5+ Kf7 57. Qf5+ Kg7 58. Nxd6 Qd3+ 59. Kh4 Qg3+ 60. Kg5 Qe3+ 61. Kh4 Qh6+ 62. Qh5 Qxh5+ 63. Kxh5 Bxd6 64. Kg5 c4 65. e5 Bxe5 66. Kf5 Bd4 67. Ke4 Bxb6 68. g5 Ba7 69. Kf3 Kg6 70. Ke2 Kxg5 71. Kd2 b5 72. Kc3 Kf5 73. Kb4 Ke4 74. Kc3 Bc5 75. Kc2 b4 76. Kb2 Kd3 77. Kc1 c3 78. Kb1 b3 79. Kc1 c2 80. Kb2 Kd2 81. Kxb3 c1=Q 82. Ka2 Qc4+ 83. Ka1 Bd4+ 0-1

[Event "FISU World University-ch 2020"]
[Site "Online"]
[Date "2020.10.26"]
[Round "4.27"]
[White "Da Silva, Francisco Iran Santo"]
[Black "Da Silva Araujo, Gabriel Victor"]
[Result "0-1"]
[WhiteElo "1825"]
[BlackElo "2011"]
[Annotator "TA"]
[PlyCount "40"]
[EventDate "2020.10.26"]
[SourceTitle "playchess.com"]
[Source "ChessBase"]
[SourceQuality "1"]

1. e4 c5 2. Nc3 Nc6 3. f4 e6 4. Bb5 Nd4 5. Nf3 Nxb5 6. Nxb5 d6 7. O-O Be7 8. d4 Bd7 9. a4 a6 10. Nc3 cxd4 11. Qxd4 Nf6 12. e5 dxe5 13. fxe5 Nd5 14. Nxd5 exd5 15. Qxd5 Qb6+ 16. Nd4 Be6 17. Qe4 Rd8 18. c3 Bd5 19. Qg4 O-O 20. Bh6 Qxh6 0-1

[Event "FISU World University-ch 2020"]
[Site "Online"]
[Date "2020.10.26"]
[Round "4.28"]
[White "Solano Cuya, Bryan"]
[Black "Rodriguez Perez, Marta"]
[Result "1-0"]
[WhiteElo "2242"]
[BlackElo "1636"]
[Annotator "TA"]
[PlyCount "75"]
[EventDate "2020.10.26"]
[SourceTitle "playchess.com"]
[Source "ChessBase"]
[SourceQuality "1"]

1. d4 Nf6 2. c4 e5 3. dxe5 Ng4 4. Bf4 g5 5. Bg3 Nc6 6. Nf3 Bg7 7. e3 Ngxe5 8. Nxe5 Nxe5 9. Nc3 d6 10. Rc1 Be6 11. Be2 Nxc4 12. Bxc4 Bxc4 13. Qa4+ b5 14. Nxb5 Bxb5 15. Qxb5+ Qd7 16. Qb7 Rc8 17. O-O O-O 18. b3 a5 19. Rfd1 h5 20. h4 Qg4 21. hxg5 h4 22. Bf4 h3 23. Qf3 Qh4 24. Qxh3 Qxh3 25. gxh3 f6 26. gxf6 Rxf6 27. Rd5 Rg6+ 28. Kf1 Kf7 29. Rxa5 c5 30. Rc4 Rh8 31. b4 cxb4 32. Rxb4 Rxh3 33. Rb6 Rh1+ 34. Ke2 Rgg1 35. Ra7+ Kg6 36. Rxd6+ Kf5 37. Ra5+ Kg4 38. Rg6+ 1-0